Gaming Quiz

Random Gaming Quiz
Score 0/23 Timer 06:00
0 Plays Today
Level Boss % Correct
Act 1: Curtain 1Pawn Weaver
73.9%
Act 1: Curtain 2Knight Weaver
73.9%
Act 1: Curtain 3General Tiger
73.9%
Act 2: Curtain 2General Rat
69.6%
Act 2: Curtain 3General Snake
69.6%
Act 5: Curtain 1General Dog
69.6%
Act 6: Curtain 1General Rabbit
69.6%
Act 7: Curtain 3Moon Bear King
69.6%
Act 4: Curtain 2General Horse
65.2%
Act 4: Curtain 3General Bull
65.2%
Act 6: Curtain 3General Dragon
65.2%
Act 3: Curtain 3Robocrab
60.9%
Level Boss % Correct
Act 5: Curtain 3General Robo Dog
60.9%
Act 7: Curtain 1General Monkey
60.9%
Act 3: Curtain 2The Kraken
56.5%
Act 3: Curtain 1Pirate Weaver
52.2%
Act 4: Curtain 1Gunslinger Weaver
52.2%
Act 6: Curtain 2General Rooster
52.2%
Act 5: Curtain 2Pumpkin Monster
47.8%
Act 7: Curtain 2Vile Vine Core
47.8%
Act 2: Curtain 1Gate Weaver
43.5%
Act 5: Curtain 3Grim Reaper Weaver
43.5%
Act 2: Curtain 2Kappagaeru Mamma
30.4%
Remove Ads.
Support Sporcle.
Get the best of Sporcle when you Go Orange. This ad-free experience offers more features, more stats, and more fun while also helping to support Sporcle. Thank you for becoming a member.

You're not logged in!

Compare scores with friends on all Sporcle quizzes.
OR
Log In

Show Comments

Extras

Created Oct 6, 2013ReportNominate
Tags:boss, Boss Fights, Boss Names

Top Quizzes Today


Score Distribution

Your Account Isn't Verified!

In order to create a playlist on Sporcle, you need to verify the email address you used during registration. Go to your Sporcle Settings to finish the process.

Report this User

Report this user for behavior that violates our Community Guidelines.

Details: